000 00380nam a2200133Ia 4500
008 211109s9999||||xx |||||||||||||| ||und||
082 _a494.8125
_bRAJ-K
100 _aRajaraja Varma, A R
245 0 _aKeralapaniniyam
260 _bDC Books
_a1998
630 _xGeneral Stack
650 _aLANGUAGE
_vOTHER LANGUAGESALTAIC,URALIC,HYPERBOREAN & DRAVIDIAN
_xMalayalam
942 _cBOOK
999 _c31836
_d31836